Cesta k hraničnému priechodu Mníšek nad Popradom sa prepadla keď cestári spriechodnili cestu k odrezaným osadám, zosuvy pôdy ju opäť zavalili bahnom

Podrobná bibliografia
Hlavný autor: Juriš, Robert (Autor)
Ďalší autori: ROBI (fot)
Médium: Článok
Jazyk:slovenčina
Fyzický popis:2 foto
Predmet:

MARC

LEADER 00000nab a2200000 a 4500
001 vtls001029159
003 SK-MaSNL
005 20260304232816.0
008 040720e20010728xo 0 slo
035 |a SL7713 
040 |a SLLK  |b slo  |c SLLK  |e AACR2 
041 0 |a slo 
044 |a xo  |c SK 
080 |a 551.577.6  |2 1981 
080 |a 656.1  |2 1981 
100 1 |a Juriš, Robert  |4 aut  |9 275933 
245 1 0 |a Cesta k hraničnému priechodu Mníšek nad Popradom sa prepadla  |b keď cestári spriechodnili cestu k odrezaným osadám, zosuvy pôdy ju opäť zavalili bahnom 
300 |b 2 foto 
518 |a júl 2001 
650 0 7 |a povodne  |2 SLLK  |9 15273 
650 0 7 |a vozovky poškodené  |2 SLLK  |9 1023585 
650 0 7 |a zosuvy pôdy  |2 SLLK  |9 51908 
650 0 7 |a informácie  |2 SLLK  |9 1285 
651 7 |a Hraničné (Slovensko)  |2 SLLK  |9 59197 
651 7 |a Mníšek nad Popradom (Slovensko)  |2 SLLK  |9 56911 
651 7 |a SL,  |2 SLLK  |9 1022390 
655 7 |a periodikum  |2 snkbucl  |9 29553 
700 0 |a ROBI  |4 fot  |9 1023571 
773 0 8 |t Tatranský denník  |g Roč. 3, č.173, 28.7.2001, s. 3 
852 |a ZVYKNI  |b KIS3GCP 
999 |c 3195421  |d 3197351